Estadios mas grandes de España - Estadísticas

Estadísticas generales
  • Esta prueba ha sido intentada 123 veces
  • La puntuación promedio es 28 de 60
Estadísticas de respuestas
Aforo Ciudad Nombre del estadio % Correcto
81.000 Madrid Santiago Bernabéu
99%
105.000 Barcelona Camp Nou
98%
53.331 Bilbo San Mamés
93%
70.460 Madrid Metropolitano
91%
60.721 Sevilla Benito Villamarin
88%
49.430 València Mestalla
88%
57.619 Sevilla La Cartuja
86%
43.883 Sevilla Ramón Sánchez-Pizjuán
86%
33.608 Zaragoza La Romareda
77%
40.000 Donostia Anoeta
75%
30.044 Málaga La Rosaleda
75%
23.000 Villarreal La Cerámica
73%
40.500 Cornellà deLlobregat RCDE Stadium
71%
23.516 Iruña / Pamplona El Sadar
68%
32.490 A Coruña Riazor
68%
24.870 Vigo Balaídos
66%
27.618 Valladolid José Zorrilla
62%
23.143 Palma de Mallorca Son Moix
60%
12.454 Leganés Butarque
57%
22.222 Santander El Sardinero
57%
26.354 València Ciutat de València
56%
30.500 Oviedo / Uviéu Carlos Tartiere
54%
11.200 Girona Montilivi
54%
32.392 Las Palmasde Gran Canaria Gran Canaria
52%
19.840 Vitoria-Gasteiz Mendizorroza
50%
19.189 Granada Nuevo Los Cármenes
50%
25.033 Cádiz Nuevo Mirandilla
50%
16.500 Getafe Coliseum Alfonso Pérez
49%
14.708 Madrid Vallecas
49%
31.388 Elche Martinez Valero
47%
22.824 Santa Cruz deTenerife Heliodoro Rodríguez López
43%
20.989 Córdoba El Arcángel
41%
31.179 Murcia Nueva Condomina
40%
14.353 Cartagena Cartagonova
38%
12.642 Burgos El Plantío
38%
16.000 Logroño Las Gaunas
38%
17.524 Albacete Carlos Belmonte
36%
15.500 Castelló de la Plana Nou Castàlia
32%
29.500 Alicante José Rico Pérez
31%
13.346 León Reino de León
31%
17.341 Villares de la Reina (Salamanca) Helmántico
29%
12.043 Ferrol A Malata
28%
19.000 Almería Power Horse Stadium
25%
20.486 Jerez de la Frontera Chapín
24%
11.981 Sabadell Nova Creu Alta
23%
21.670 Huelva Nuevo Colombino
23%
14.898 Badajoz Nuevo Vivero
21%
10.000 Linares Linarejos
19%
10.500 Pontevedra Pasarón
19%
13.500 Lleida Camp d'Esports
17%
30.000 Gijón / Xixón El Molinon-Enrique Castro Quini
17%
15.569 Jaén La Victoria
17%
14.600 Mérida Romano-José Fouto
15%
11.580 Almendralejo Francisco de la Hera
13%
10.000 Melilla Álvarez Claro
10%
55.000 Barcelona Olímpic Lluis Companys
10%
11.500 Terrassa Olímpic de Terrassa
9%
11.000 Tutera / Tudela Ciudad de Tudela
8%
14.591 Tarragona Nou Estadi de Tarragona
8%
12.000 Santiago de Compostela Verónica Boquete de Sán Lázaro
6%
No se encontraron pruebas coincidentes
Distribución de puntuación
Porcentaje de gente con cada puntuación
Porcentaje por número respondido
Historial de tus puntuaciones
No has intentado esta prueba.